Normale Ansicht MARC-Ansicht ISBD

The politics of precaution (Titelsatznr. 64078)

[ MARC ]
MARC-Details
000 -Satzkennung
Kontrollfeld mit fester Länge 02553nad a2200637 a 4500
001 - Kontrollnummer
Kontrollfeld MIU01200000000000000000099
003 - Kontrollnummer Identifier
Kontrollfeld MiU
005 - Datum und Zeit der letzten Transaktion
Kontrollfeld 20231010140922.0
007 - Feld mit fester Länge zur physischen Beschreibung - Allgemeine Information
Kontrollfeld mit fester Länge cr mnummmmuuuu
008 - Feld mit fester Länge zur physischen Beschreibung - Allgemeine Angaben
Kontrollfeld mit fester Länge 190927s2012 nju sb 001 0 eng d
010 ## - Kontrollnummer der Library of Congress
LC-Kontrollnummer 2011031843
020 ## - Internationale Standardbuchnummer
Gelöschte/ungültige ISBN 9780691124162
Nähere Angaben hardcover :
-- alk. paper
020 ## - Internationale Standardbuchnummer
Gelöschte/ungültige ISBN 9781400842568
024 7# - Anderer Standardidentifier
Standardnummer oder Code 2027/heb34141
Quelle der Nummer oder des Codes hdl
040 ## - Katalogisierungsquelle
Original-Katalogisierungsstelle MiU
Übertragungsstelle MiU
041 ## - Sprachcode
Sprachcode des Textes/der Tonspur oder des separaten Titels eng
100 1# - Haupteintragung - Personenname
Personenname Vogel, David,
Datumsangaben in Verbindung mit einem Namen 1947-
Koha-Normdatenidentnummer 31522
245 14 - Titel
Titel The politics of precaution
Medium [electronic resource] :
Zusatz zum Titel regulating health, safety, and environmental risks in Europe and the United States /
Verfasserangabe etc. David Vogel.
264 ## - Produktion, Veröffentlichung, Distribution, Herstellung und Urheberrechtsvermerk
Herstellungs-, Veröffentlichungs- Vertriebs-, Erzeugungsort Princeton, New Jersey ;
Produzent, Herausgeber, Distributor, Hersteller Princeton University Press,
Datum der Herstellung, der Veröffentlichung, des Vertriebs oder des Urheberschutzvermerks 2012.
300 ## - Physische Beschreibung
Umfang xiv, 317 p. :
Maße 24 cm.
336 ## - Inhaltstyp
Quelle rdacontent
Inhaltstypcode txt
Inhaltstypterm Text
337 ## - Medientyp
Quelle rdamedia
Medientypcode bc
Bezeichnung des Medientyps Computermedien
338 ## - Datenträgertyp
Quelle rdacarrier
Datenträgertypcode cr
Datenträgertypbezeichnung Online Ressource
500 ## - Allgemeine Fußnote
Allgemeine Fußnote Published by Princeton University Press.
500 ## - Allgemeine Fußnote
Allgemeine Fußnote This book has been composed in Sabon.
500 ## - Allgemeine Fußnote
Allgemeine Fußnote Printed on acid-free paper.
500 ## - Allgemeine Fußnote
Allgemeine Fußnote Printed in the United States of America.
504 ## - Fußnote zu Literaturverzeichnissen usw.
Fußnote zu Bibliographien usw. Includes bibliographical references and index.
505 0# - Fußnote zu strukturierten Inhaltsangaben
Fußnote zu strukturierten Inhaltsangaben The Transatlantic Shift in Regulatory Stringency -- Explaining Regulatory Policy Divergence -- Food Safety and Agriculture -- Air Pollution -- Chemicals and Hazardous Substances -- Consumer Safety -- Public Risk Perceptions and the Preferences of Policy Makers -- The Law and Politics of Risk Assessment -- Broader Implications.
500 ## - Allgemeine Fußnote
Allgemeine Fußnote E-Book-ACLS / Zugriff nur im DHI-Lesesaal
500 ## - Allgemeine Fußnote
Allgemeine Fußnote American Council of Learned Societies/ https://www.humanitiesebook.org/about/
650 #0 - Nebeneintragung unter einem Schlagwort - Sachschlagwort
Geografische Unterteilung Europe.
Koha-Normdatenidentnummer 2420
650 #0 - Nebeneintragung unter einem Schlagwort - Sachschlagwort
Geografische Unterteilung United States.
Koha-Normdatenidentnummer 20486
650 #0 - Nebeneintragung unter einem Schlagwort - Sachschlagwort
Geografische Unterteilung Europe.
Koha-Normdatenidentnummer 2420
650 #0 - Nebeneintragung unter einem Schlagwort - Sachschlagwort
Geografische Unterteilung United States.
Koha-Normdatenidentnummer 20486
650 #0 - Nebeneintragung unter einem Schlagwort - Sachschlagwort
Geografische Unterteilung Europe.
Koha-Normdatenidentnummer 2420
650 #0 - Nebeneintragung unter einem Schlagwort - Sachschlagwort
Geografische Unterteilung United States.
Koha-Normdatenidentnummer 20486
650 #0 - Nebeneintragung unter einem Schlagwort - Sachschlagwort
Geografische Unterteilung Europe.
Koha-Normdatenidentnummer 2420
650 #0 - Nebeneintragung unter einem Schlagwort - Sachschlagwort
Geografische Unterteilung United States.
Koha-Normdatenidentnummer 20486
651 #0 - Nebeneintragung unter einem Schlagwort - Geografischer Name
Geografischer Name European 1 :
Allgemeine Unterteilung General & Multiperiod.
Koha-Normdatenidentnummer 31523
651 #0 - Nebeneintragung unter einem Schlagwort - Geografischer Name
Geografischer Name American 1 :
Allgemeine Unterteilung General & Multiperiod.
Koha-Normdatenidentnummer 31524
653 ## - Indexierungsterm - Nicht normiert
Nicht-normierter Term Consumer protection
653 ## - Indexierungsterm - Nicht normiert
Nicht-normierter Term Consumer protection
653 ## - Indexierungsterm - Nicht normiert
Nicht-normierter Term Safety regulations
653 ## - Indexierungsterm - Nicht normiert
Nicht-normierter Term Safety regulations
653 ## - Indexierungsterm - Nicht normiert
Nicht-normierter Term Public health laws
653 ## - Indexierungsterm - Nicht normiert
Nicht-normierter Term Public health laws
653 ## - Indexierungsterm - Nicht normiert
Nicht-normierter Term Environmental policy
653 ## - Indexierungsterm - Nicht normiert
Nicht-normierter Term Environmental policy
653 ## - Indexierungsterm - Nicht normiert
Nicht-normierter Term Political Science.
830 #0 - Nebeneintragung unter dem Gesamttitel - Einheitstitel
Einheitstitel ACLS Humanities E-Book.
Koha-Normdatenidentnummer 31525
856 40 - Elektronische Adresse und Zugriff
OPAC-Notiz Volltext
URL <a href="https://hdl.handle.net/2027/heb34141">https://hdl.handle.net/2027/heb34141</a>
942 ## - Zusätzliche Felder (Koha)
Koha-Medientyp E-Books
Exemplare
Ausgeschieden Verloren Beschädigt Nicht entleihbar Heimatbibliothek Aufenthaltsbibliothek Aufstellungsort Erwerbungsdatum Inventarnummer Signatur Barcode Letzte Aktivität Preis gültig von Koha-Medientyp
        MWN Osteuropa MWN Osteuropa Online-Ressource 10/10/2023 23-e0ACLS E-23-e0ACLS 66913 10/10/2023 10/10/2023 E-Books